The Killer Quiz Stats

 Plays Quiz Updated Nov 14, 2018

Support Sporcle.
Go Orange.
Score 0/30 Timer 05:00
1 Play Today
% Correct
Suicide
91.3%
Homicide
90%
Felicide
83.9%
Giganticide
83.4%
Genocide
82.2%
Serpenticide
81.8%
Patricide
77.9%
Bovicide
76.6%
Fratricide
75%
Floricide
74.2%
Matricide
73.3%
Regicide
68.6%
Avicide
67.7%
Deicide
64.9%
Sororicide
64.8%
% Correct
Lupicide
61%
Molluscacide
60.8%
Tauricide
57.8%
Hosticide
50.8%
Amicicide
50.1%
Vulpicide
49.1%
Senicide
48.6%
Mariticide
48.5%
Gynaecide
45.2%
Vermicide
43.8%
Ovicide
42.4%
Vaticide
37.3%
Formicide
25%
Silvicide
21.3%
Uxoricide
14.1%

From the Vault

Big 4 Most Games Played

by dabbas

Sports 18m
You're not likely to find these athletes on the bench.
Remove Ads.
Support Sporcle.
Get the best of Sporcle when you Go Orange. This ad-free experience offers more features, more stats, and more fun while also helping to support Sporcle. Thank you for becoming a member.

Show Comments

Extras

Top Quizzes Today


Score Distribution

Your Account Isn't Verified!

In order to create a playlist on Sporcle, you need to verify the email address you used during registration. Go to your Sporcle Settings to finish the process.

Report this User

Report this user for behavior that violates our Community Guidelines.

Details: